Préfectures et sous-préfectures de la Provence-Alpes-Côte d'Azur - Statistiques

Statistiques générales
  • Ce quiz a été pris 269 fois
  • Le résultat moyen est 13 sur 18
Statistiques - réponses
Réponse % Correct
Marseille
100%
Nice
100%
Avignon
98%
Toulon
98%
Gap
95%
Digne-les-Bains
84%
Aix-en-Provence
82%
Arles
75%
Briançon
75%
Draguignan
68%
Grasse
68%
Carpentras
60%
Istres
60%
Barcelonnette
52%
Apt
49%
Forcalquier
45%
Brignoles
40%
Castellane
40%
Aucun quiz correspondant
Distribution des résultats
% des personnes avec chaque résultat
Percentile par nombre de réponses
Votre historique - résultats
Vous n’avez pas pris ce quiz